The curious and the beautiful : (Record no. 27620)

000 -LEADER
fixed length control field 00985cam a2200253 a 4500
001 - CONTROL NUMBER
control field 3769712
003 - CONTROL NUMBER IDENTIFIER
control field OSt
005 - DATE AND TIME OF LATEST TRANSACTION
control field 20170209115931.0
008 - FIXED-LENGTH DATA ELEMENTS--GENERAL INFORMATION
fixed length control field 831227s1984 arua s001 0 eng
010 ## - LIBRARY OF CONGRESS CONTROL NUMBER
LC control number 83024350
020 ## - INTERNATIONAL STANDARD BOOK NUMBER
International Standard Book Number 0938626329
040 ## - CATALOGING SOURCE
Original cataloging agency DLC
Transcribing agency DLC
Modifying agency DLC
043 ## - GEOGRAPHIC AREA CODE
Geographic area code n-us-ar
050 00 - LIBRARY OF CONGRESS CALL NUMBER
Classification number NA2300.U54W54 1984
082 00 - DEWEY DECIMAL CLASSIFICATION NUMBER
Classification number 720/.7/1176714
Edition number 19
100 1# - MAIN ENTRY--PERSONAL NAME
Personal name Williams, John G.
Fuller form of name (John Gilbert),
Dates associated with a name 1984.
245 14 - TITLE STATEMENT
Title The curious and the beautiful :
Remainder of title a memoir history of the architecture program at the University of Arkansas /
Statement of responsibility, etc. John G. Williams, foreword by A. Richard Williams.
260 ## - PUBLICATION, DISTRIBUTION, ETC. (IMPRINT)
Place of publication, distribution, etc. Fayetteville :
Name of publisher, distributor, etc. University of Arkansas Press,
Date of publication, distribution, etc. 1984.
300 ## - PHYSICAL DESCRIPTION
Extent viii, 109 p. :
Other physical details ill. ;
Dimensions 23 cm.
500 ## - GENERAL NOTE
General note Includes index.
610 20 - SUBJECT ADDED ENTRY--CORPORATE NAME
Corporate name or jurisdiction name as entry element University of Arkansas, Fayetteville.
Subordinate unit School of Architecture.
906 ## - LOCAL DATA ELEMENT F, LDF (RLIN)
a 7
b cbc
c orignew
d 1
e ocip
f 19
g y-gencatlg
942 ## - ADDED ENTRY ELEMENTS (KOHA)
Source of classification or shelving scheme
Koha item type Hard Covered Materials
Classification part NA2300.U54W54 1984
Call number prefix 34611
Holdings
Withdrawn status Lost status Source of classification or shelving scheme Damaged status Not for loan Home library Current library Shelving location Date acquired Source of acquisition Total Checkouts Full call number Barcode Date last seen Price effective from Koha item type
          MACHAKOS UNIVERSITY LIBRARY MACHAKOS UNIVERSITY LIBRARY Technical section 09/02/2017 Donation(BFA)   NA2300.U54W54 1984 34611 06/07/2018 09/02/2017 Hard Covered Materials
© Machakos University Library, Along The Highway, Machakos Wote Rd, Machakos, Kenya P.O. Box 136 - 90100 Machakos - Kenya

Tel: ( +254 ) 723 805829 OR Fax : 044-20353 OR Email: library@mksu.ac.ke